000 00636nam a2200181Ia 4500
008 100921s9999 xx 000 0 und d
082 _b5561
_a891.463 थ 70
100 _aस्टेनले,गार्डनर.
245 _aत्रैलोक्यसुंदरी.
260 _bराजस प्रकाशन,पुणे.
_c1970
300 _a153
_b---
365 _b5
520 _aललित-कादंबरी.
630 _aत्रैलोक्यसुंदरी.
650 _aललित-कादंबरी.
730 _aत्रैलोक्यसुंदरी.
942 _cBOOK
999 _c754674
_d754671